00327nam a2200121Ia 4500008004000000020001500040082001600055100001700071245003400088260004000122300001300162650003000175210210b1995 xxu||||| |||| 00| 0 eng d a0706993489 a591.02 NIGN aNIGAM (H C). aNigam's zoology question bank aDelhibVikas publishing housec1995 aviii,299 aQuestions Bank, Zoology